000 00525nam a2200181Ia 4500
005 20250508151231.0
008 008 250505s9999 xx 000 0 eng d
037 _aTextual
040 _aFEDL
_beng
_cFEDL
041 _aeng
_2eng
084 _a428.25, IND
_qFEDL
245 0 _aReport of the committee on medium of instruction at the university stage 1948
245 0 _cIndia,. Education (Ministry of...)
260 _c1948
300 _a24p.
942 _cTEXL
_h428.25, IND
999 _c1328426
_d1328426